Documentació barcelonina sobre el Cisma d'Occident : catàleg de l'exposició catàleg de l'exposició
Descripción Física:
79 p., VI f. de làm. ; 24 cm
Materias:
Cisma d'Occident, 1378/1417
MARC
| LEADER | 00000nam a2200000Ia 4500 | ||
|---|---|---|---|
| 001 | 8022 | ||
| 003 | BGR | ||
| 005 | 20260324175327.0 | ||
| 008 | 160829s1979 xx 000 0 cat d | ||
| 080 | |a H-1-296 | ||
| 245 | |a Documentació barcelonina sobre el Cisma d'Occident : |b catàleg de l'exposició | ||
| 260 | |a Barcelona : |b [s.n.], |c 1979 | ||
| 300 | |a 79 p., VI f. de làm. ; |c 24 cm | ||
| 590 | |a A la part superior de la portada: Arxiu de la Corona d'Aragó, Biblioteca de Catalunya, Institut Municipal d'Història, ... [et al]. A peu de portada, VI Centenari del Cisma d'Occident. Commemoració sota el patronatge de l'Institut d'Estudis Catalans. | ||
| 650 | |a Cisma d'Occident, 1378/1417 |9 27134 | ||
| 710 | 2 | |a Institut d'Estudis Catalans |9 52284 | |
| 710 | 1 | |a Institut Municipal d'Història (Barcelona) |9 70960 | |
| 710 | 1 | |a Biblioteca de Catalunya |9 52741 | |
| 710 | 2 | |a Arxiu de la Corona d'Aragó |9 55371 | |
| 901 | |a Arxiu | ||
| 942 | |n 1 |2 udc |c MON | ||
| 952 | |0 0 |1 0 |4 0 |6 H1296 |7 1 |9 44287 |a Arxiu |b Arxiu |d 2016-12-01 |l 0 |o H-1-296 |p 8022 |r 2016-12-01 00:00:00 |w 2016-12-01 |y ARXIU | ||
| 999 | |c 46867 |d 46867 | ||